[Event "AUTO-OPEN-4600"]
[Site "http://www.queenalice.com/game.php?id=1858857"]
[Date "2025.6.16"]
[Round "1"]
[White "Nolimet"]
[Black "Rafale2000"]
[Result "0-1"]
[WhiteElo "1772"]
[BlackElo "1992"]

1. e4 Nf6 2. Nc3 d5 3. e5 d4 4. exf6 dxc3 5. bxc3 exf6 6. d4 c5 7. Bb5+ Bd7 8.
Qe2+ Qe7 9. Bc4 Be6 10. Be3 cxd4 11. Bxe6 dxe3 12. Qb5+ Nc6 13. Bd5 exf2+ 14.
Kxf2 Qc5+ 15. Qxc5 Bxc5+ 16. Ke2 O-O 17. Rb1 Rfe8+ 18. Kd2 Bb6 19. Nf3 Rad8 20.
c4 Ne5 21. Rhf1 Nxc4+ 0-1

[Event "AUTO-OPEN-4600"]
[Site "http://www.queenalice.com/game.php?id=1858858"]
[Date "2025.6.16"]
[Round "1"]
[White "Rafale2000"]
[Black "Nolimet"]
[Result "0-1"]
[WhiteElo "1971"]
[BlackElo "1874"]

1. e4 e6 2. d4 d5 3. Nd2 Nf6 4. e5 Nfd7 5. Bd3 c5 6. Ngf3 cxd4 7. Nb3 Qb6 8. O-O
Nc6 9. Bf4 a5 10. a4 Nc5 11. Nxc5 Bxc5 12. Bb5 O-O 13. Qd3 Bd7 14. c3 dxc3 15.
Qxc3 Rfc8 16. Qc2 Nd4 17. Nxd4 Bxd4 18. Qd3 Bxb5 19. axb5 Bxb2 20. Rab1 Qd4 21.
Qxd4 Bxd4 22. Rfd1 Bc3 23. Bg3 d4 24. Bf4 a4 25. Bd2 a3 26. Bxc3 dxc3 27. Rdc1
a2 28. Ra1 Kf8 29. Rc2 Rc5 0-1

[Event "AUTO-ADV-4887"]
[Site "http://www.queenalice.com/game.php?id=1861874"]
[Date "2025.8.22"]
[Round "1"]
[White "Carlos19"]
[Black "Nolimet"]
[Result "1/2-1/2"]
[WhiteElo "1612"]
[BlackElo "1967"]

1. e4 e6 2. Bc4 c5 3. d3 Nc6 4. Nf3 Qc7 5. Nc3 Nf6 6. h3 Be7 7. Bg5 O-O 8. Bxf6
Bxf6 9. O-O a6 10. a4 b6 11. Ra2 Bb7 12. Bb3 Na5 13. Re1 Nxb3 14. cxb3 d5 15. e5
Be7 16. Ne2 Rfd8 17. d4 c4 18. bxc4 Qxc4 19. Ra1 Rac8 20. Rc1 Qb4 21. Rxc8 Rxc8
22. b3 b5 23. axb5 axb5 24. Nd2 Qa5 25. Qa1 Qb6 26. Rc1 Rxc1+ 27. Qxc1 Bb4 28.
f4 g6 29. g4 Be7 30. g5 Bb4 31. Nf3 Qa5 32. Kf2 Kg7 33. Kg3 Ba3 34. Qc2 Be7 35.
Nc3 Qc7 36. Qd3 b4 37. Nb5 Qc1 38. Nd6 Bxd6 39. exd6 Qc6 40. h4 Qxd6 41. Kg4 Bc8
42. Kg3 Qa6 43. Ne5 Qa1 44. Nc6 Qg1+ 1/2-1/2

[Event "AUTO-ADV-4887"]
[Site "http://www.queenalice.com/game.php?id=1861875"]
[Date "2025.8.22"]
[Round "1"]
[White "Nolimet"]
[Black "Carlos19"]
[Result "1-0"]
[WhiteElo "1921"]
[BlackElo "1710"]

1. e4 e5 2. Nc3 Nf6 3. f4 exf4 4. e5 Ng8 5. Nf3 Bb4 6. d4 Bxc3+ 7. bxc3 g5 8.
Bc4 h6 9. Nd2 a6 10. Qh5 Qe7 11. Ne4 b5 12. Bb3 a5 13. a4 b4 14. Nxg5 Qxg5 15.
Qxf7+ Kd8 16. Qf8# 1-0

[Event "AUTO-ADV-4887"]
[Site "http://www.queenalice.com/game.php?id=1861898"]
[Date "2025.8.22"]
[Round "1"]
[White "Nolimet"]
[Black "SGF"]
[Result "1-0"]
[WhiteElo "1955"]
[BlackElo "1765"]

1. e4 e5 2. Nc3 c6 3. Bc4 b5 4. Bb3 a5 5. Qh5 Qf6 6. a4 b4 7. Nce2 Bc5 8. Qf3 d6
9. Qxf6 Nxf6 10. d3 Ng4 11. Nh3 f6 12. c3 Ba6 13. c4 Bc8 14. O-O O-O 15. Bd1 f5
16. Ng3 f4 17. Nf5 Bxf5 18. exf5 Rxf5 19. Bxg4 Rf7 20. Be6 Nd7 21. Ng5 Kf8 22.
Nxf7 Nf6 23. Ng5 Ke7 24. Bh3 h6 25. Ne4 Nxe4 26. dxe4 g5 27. Bf5 Kf6 28. g3 fxg3
29. hxg3 h5 30. Be3 Bxe3 31. fxe3 Kg7 32. Rad1 Kf6 33. Rxd6+ Ke7 34. Rxc6 h4 35.
Rd1 h3 36. Rd7+ Ke8 37. Rh6 h2+ 38. Kxh2 Rb8 39. Rh8# 1-0

[Event "AUTO-ADV-4887"]
[Site "http://www.queenalice.com/game.php?id=1861899"]
[Date "2025.8.22"]
[Round "1"]
[White "SGF"]
[Black "Nolimet"]
[Result "0-1"]
[WhiteElo "1845"]
[BlackElo "1935"]

1. e4 e6 2. Qf3 c5 3. e5 Nc6 4. c3 Nxe5 5. Qe4 Qc7 6. d3 Nf6 7. Qe2 d5 8. Bf4
Bd6 9. h3 O-O 10. b4 b6 11. bxc5 bxc5 12. g4 Nxd3+ 13. Qxd3 Bxf4 14. h4 a5 15.
g5 Ne4 16. a4 Ba6 17. Qf3 Bxf1 18. Ne2 Bxe2 19. Qxe2 Rab8 20. c4 Qb6 21. f3 Ng3
22. Qg2 Nxh1 23. Qxh1 Qb2 24. Qf1 Qxa1 25. Kf2 Rb2+ 26. Kg1 Rxb1 27. Qxb1 Qxb1+
28. Kg2 Rb8 29. Kh3 Qg1 30. h5 Qg3# 0-1

[Event "AUTO-ADV-4895"]
[Site "http://www.queenalice.com/game.php?id=1863544"]
[Date "2025.9.29"]
[Round "1"]
[White "jpribeiro"]
[Black "Nolimet"]
[Result "0-1"]
[WhiteElo "1385"]
[BlackElo "1952"]

1. e4 c5 2. Nf3 Nc6 3. c3 d5 4. exd5 Qxd5 5. c4 Qd8 6. h3 Nf6 7. a3 e5 8. Nc3
Be6 9. d3 Be7 10. Qa4 O-O 11. Be3 Nd4 12. Nxe5 Nd7 13. Nxd7 Bxd7 14. Qd1 Re8 0-1

[Event "AUTO-ADV-4895"]
[Site "http://www.queenalice.com/game.php?id=1863545"]
[Date "2025.9.29"]
[Round "1"]
[White "Nolimet"]
[Black "jpribeiro"]
[Result "1-0"]
[WhiteElo "1952"]
[BlackElo "1385"]

1. e4 c5 2. Nc3 a6 3. g3 e6 4. Bg2 Nf6 5. d3 d5 6. exd5 exd5 7. Nge2 h6 8. O-O
d4 9. Ne4 Nxe4 10. dxe4 Be7 11. Nf4 g5 12. Nd5 Bd6 13. Qf3 O-O 14. Qh5 Kg7 15.
f4 gxf4 16. Bxf4 1-0

[Event "AUTO-ADV-4895"]
[Site "http://www.queenalice.com/game.php?id=1863572"]
[Date "2025.9.29"]
[Round "1"]
[White "Nolimet"]
[Black "Erlofabr"]
[Result "1-0"]
[WhiteElo "1974"]
[BlackElo "1590"]

1. e4 e5 2. Nc3 c6 3. Bc4 f5 4. exf5 d5 5. Qh5+ g6 6. fxg6 Bg7 7. gxh7+ Kf8 8.
hxg8=Q+ Kxg8 9. Bxd5+ cxd5 10. Qf3 e4 11. Qe2 Nc6 12. d3 Nd4 13. Qd1 Nc6 14.
dxe4 d4 15. Nd5 Qh4 16. Qe2 Bg4 17. Qc4 Be6 18. Qe2 Re8 19. g3 Qd8 20. Nf4 d3
21. cxd3 Nd4 22. Qd2 Bg4 23. Kf1 Bh6 24. Qc3 Bg7 25. Qc4+ Ne6 26. f3 Bh5 27. g4
Bf7 28. Nxe6 Bxe6 29. Qc2 Rf8 30. f4 Rxf4+ 31. Bxf4 Qf8 32. Ne2 Bxg4 33. Qc4+
Kh7 34. e5 Bxe5 35. Qe4+ Bf5 36. Qxe5 Bh3+ 37. Ke1 Qb4+ 38. Qc3 Qe7 39. Qe5 Qb4+
40. Bd2 Qh4+ 41. Qg3 Qh5 42. Rg1 Bg4 43. Qxg4 Qxg4 44. Rxg4 Re8 45. Kd1 b5 46.
Rc1 Re7 47. Rc5 Rg7 48. Rxg7+ Kxg7 49. h4 a6 50. h5 Kf7 51. Rg5 Kf6 52. Rg1 Ke5
53. h6 Kd5 54. h7 1-0

[Event "AUTO-ADV-4895"]
[Site "http://www.queenalice.com/game.php?id=1863573"]
[Date "2025.9.29"]
[Round "1"]
[White "Erlofabr"]
[Black "Nolimet"]
[Result "0-1"]
[WhiteElo "1588"]
[BlackElo "1976"]

1. d4 f5 2. c4 Nf6 3. Nc3 e6 4. d5 exd5 5. cxd5 Bb4 6. Qd3 Bxc3+ 7. Qxc3 O-O 8.
Nf3 d6 9. Bg5 Nbd7 10. O-O-O Nb6 11. h3 Bd7 12. Qb4 a5 13. Qf4 Be8 14. e4 h6 15.
Bxh6 gxh6 16. Qxh6 Nxe4 17. Rg1 Rf6 18. Qf4 Bf7 19. g4 Nxd5 20. gxf5+ Kf8 21.
Qxe4 c6 22. Ng5 Rh6 23. Qg4 Qf6 24. Ne4 Qh8 25. Bc4 Rd8 26. Qg5 Rd7 27. Qg4 Nf6
28. Nxf6 Rxf6 29. Be6 Bxe6 30. fxe6 Rg7 31. e7+ Rxe7 32. Qc8+ Re8 33. Qxb7 c5
34. Qa6 Qh6+ 35. Rd2 Rfe6 36. Kd1 Qh5+ 37. Kc1 Re1+ 38. Rxe1 Rxe1+ 39. Kc2 Qf5+
40. Rd3 Re2+ 41. Kc3 Qe5+ 42. Kb3 Qxb2+ 43. Kc4 Qb4+ 44. Kd5 Qe4+ 45. Kxd6 Qe6+
46. Kc7 Qxa6 47. Rf3+ Ke7 48. Rb3 Rxf2 49. Rb6 Qd3 50. Rc6 c4 51. Kb6 Rf6 52.
Rxf6 Kxf6 53. h4 c3 54. h5 c2 55. h6 c1=Q 0-1

[Event "AUTO-MASTER-3283"]
[Site "http://www.queenalice.com/game.php?id=1863651"]
[Date "2025.9.30"]
[Round "1"]
[White "IranSilva"]
[Black "Nolimet"]
[Result "0-1"]
[WhiteElo "2269"]
[BlackElo "1952"]

1. Nf3 f5 2. d4 Nf6 3. Bf4 e6 4. e3 d5 5. Nbd2 Be7 6. c4 c6 7. Bd3 O-O 8. O-O
Ne4 9. Ne5 Nd7 10. f3 Nef6 11. h3 Nh5 12. Bh2 f4 13. Nxd7 Bxd7 14. Re1 Bh4 15.
Re2 Bg3 16. exf4 Bxh2+ 17. Kxh2 Nxf4 18. Re3 Qg5 19. Qf1 Rf6 20. Re5 Qh6 21. Bc2
Nh5 22. Qf2 Qf4+ 23. g3 Nxg3 24. Kg2 Nf5 25. Bxf5 Rxf5 26. Rxf5 exf5 27. Re1 Re8
28. Rxe8+ Bxe8 29. cxd5 cxd5 30. Nf1 a6 31. Qe3 Qxe3 32. Nxe3 Bf7 33. Nxf5 Kf8
34. Nd6 b6 35. Kg3 Be6 36. h4 Ke7 37. Kf4 Kxd6 38. b4 h6 39. a4 Bd7 40. a5 bxa5
41. bxa5 g6 42. Kg3 Kc6 43. Kf4 Kb5 44. Ke5 g5 45. hxg5 hxg5 46. Kf6 g4 47. fxg4
Bxg4 48. Ke5 Bf3 0-1

[Event "AUTO-MASTER-3283"]
[Site "http://www.queenalice.com/game.php?id=1863652"]
[Date "2025.9.30"]
[Round "1"]
[White "Nolimet"]
[Black "IranSilva"]
[Result "0-1"]
[WhiteElo "1957"]
[BlackElo "2249"]

1. e4 e5 2. Nc3 Bc5 3. Bc4 Nf6 4. d3 O-O 5. f4 Nc6 6. Nf3 d6 7. Na4 Bb6 8. Nxb6
axb6 9. f5 d5 10. exd5 Nxd5 11. Bg5 f6 12. Bd2 Bxf5 13. O-O Be6 14. a3 Qd6 15.
Qe1 b5 16. Ba2 Qc5+ 17. d4 Nxd4 18. Nxd4 Qxd4+ 19. Kh1 Rfd8 20. c3 Qg4 21. h3
Qh5 22. Qg3 c6 23. Rae1 Nc7 24. Bxe6+ Nxe6 25. Be3 Rd3 26. Qf2 Rad8 27. Kh2 Nc7
28. Bb6 R8d7 29. Bxc7 Rxc7 30. Qa7 Rd8 31. Qb6 Rcd7 32. b3 Qe8 33. Rc1 Qe7 34.
Qa5 e4 35. Rfe1 Rd2 36. c4 Qe5+ 37. Kh1 Qg3 38. Rg1 e3 39. cxb5 e2 40. bxc6 bxc6
41. Qc5 Qxb3 42. Qxc6 Rd1 43. Qe4 Rxc1 44. Rxc1 Rd1+ 45. Kh2 Qb8+ 0-1

[Event "AUTO-ADV-4887"]
[Site "http://www.queenalice.com/game.php?id=1864609"]
[Date "2025.10.21"]
[Round "2"]
[White "maurice916"]
[Black "Nolimet"]
[Result "0-1"]
[WhiteElo "1804"]
[BlackElo "1964"]

1. Nf3 f5 2. b3 Nf6 3. Bb2 e6 4. e3 Be7 5. Be2 d5 6. O-O O-O 7. c4 c6 8. d4 Ne4
9. Nbd2 a5 10. Qc2 Rf6 11. Ne5 Nd7 12. f4 Rh6 13. Rf3 c5 14. Raf1 g5 15. Rh3
Rxh3 16. gxh3 Qe8 17. Ndf3 g4 18. hxg4 fxg4 19. Nxg4 Qg6 20. Ne5 Nxe5 21. fxe5
h5 22. h3 hxg4 23. Bxg4 Bd7 24. Kh2 Qh6 25. Bc1 Bh4 26. Rg1 Kf7 27. Rf1+ Ke7 28.
cxd5 exd5 29. Bxd7 Kxd7 30. Qg2 Bg3+ 31. Kh1 Rf8 32. Rxf8 Qxf8 33. Bb2 Qf2 34.
Qxf2 Bxf2 35. Bc1 cxd4 36. exd4 Bxd4 37. h4 Bxe5 38. Kg2 Ke6 39. Kf3 Nf6 40. Bd2
b6 41. a3 Kf5 42. Be1 Kg6 43. b4 a4 44. Bf2 b5 45. Be3 Bb2 0-1

[Event "AUTO-ADV-4887"]
[Site "http://www.queenalice.com/game.php?id=1864610"]
[Date "2025.10.21"]
[Round "2"]
[White "Nolimet"]
[Black "maurice916"]
[Result "1-0"]
[WhiteElo "1978"]
[BlackElo "1873"]

1. e4 c6 2. Nc3 d5 3. Nf3 dxe4 4. Nxe4 Nf6 5. Qe2 Nxe4 6. Qxe4 Nd7 7. d4 Nf6 8.
Qd3 Bg4 9. Be2 e6 10. O-O Be7 11. h3 Bf5 12. Qb3 Qb6 13. Qxb6 axb6 14. c3 h6 15.
Bf4 O-O 16. Ne5 Rfd8 17. Rad1 Rxa2 18. Nc4 b5 19. Ne3 Bh7 20. Bd3 Rxb2 21. Bxh7+
Nxh7 22. Ng4 Rb3 23. Rc1 Ng5 24. f3 f6 25. Rfe1 Kf7 26. h4 Nh7 27. Ne3 Nf8 28.
h5 Nd7 29. c4 bxc4 30. Nxc4 Nb6 31. Nxb6 Rxd4 32. Be3 Rdd3 33. Bf2 Rdc3 34. Rxc3
Rxc3 35. Ra1 Bc5 36. Bxc5 Rxc5 37. Ra7 Rc1+ 38. Kh2 e5 39. Nc8 Rb1 40. Nd6+ Ke6
41. Nxb7 Rd1 42. Nc5+ Kd5 43. Ne4 Rc1 44. Rxg7 f5 45. Rd7+ Kc4 46. Nf6 Kb5 47.
Ng8 c5 48. Nxh6 Kc6 49. Rd8 c4 50. Nxf5 c3 51. h6 c2 52. Kg3 Kc7 53. Rd2 Kc6 54.
Ne3 1-0

[Event "AUTO-ADV-4887"]
[Site "http://www.queenalice.com/game.php?id=1864613"]
[Date "2025.10.21"]
[Round "2"]
[White "Nolimet"]
[Black "chessman"]
[Result "0-1"]
[WhiteElo "1988"]
[BlackElo "2079"]

1. e4 e6 2. d4 d5 3. e5 c5 4. c3 cxd4 5. cxd4 Nc6 6. Nf3 Qb6 7. Bd3 Bd7 8. O-O
Nxd4 9. Nbd2 Nxf3+ 10. Nxf3 Ne7 11. Be3 Qd8 12. Bc5 Nc6 13. Bxf8 Kxf8 14. a3 h6
15. Re1 g5 16. h3 h5 17. Nh2 a6 18. f4 gxf4 19. Qf3 Qg5 20. Qe2 Nd4 21. Qf2 Nc6
22. Nf3 Qg7 23. Qb6 Rb8 24. Qc7 Ke8 25. Rac1 Rc8 26. Qd6 Qf8 27. Kf2 Qxd6 28.
exd6 Kf8 29. Ne5 Nxe5 30. Rxc8+ Bxc8 31. Rxe5 f6 32. Re1 e5 33. Rc1 e4 34. Be2
Kf7 35. Rc7+ Ke6 36. b4 Kxd6 37. Rc3 Bd7 38. Rb3 Rc8 39. b5 axb5 40. Bxb5 Rc2+
41. Kg1 Bc6 42. Bf1 e3 43. Bd3 Rd2 44. Kf1 Rxd3 0-1

[Event "AUTO-ADV-4887"]
[Site "http://www.queenalice.com/game.php?id=1864614"]
[Date "2025.10.21"]
[Round "2"]
[White "chessman"]
[Black "Nolimet"]
[Result "0-1"]
[WhiteElo "2086"]
[BlackElo "1982"]

1. e4 c5 2. Nf3 Nc6 3. c3 d5 4. e5 Bg4 5. Bb5 Qb6 6. Bxc6+ bxc6 7. O-O e6 8. h3
Bxf3 9. Qxf3 Ne7 10. Rd1 Nf5 11. d3 Be7 12. Nd2 O-O 13. Nf1 Bd8 14. Ne3 Ne7 15.
d4 a5 16. Nf1 Bc7 17. Bg5 Ng6 18. Ng3 Rab8 19. b3 h6 20. Bxh6 gxh6 21. Nh5 Bd8
22. Qe3 Kh7 23. f4 cxd4 24. cxd4 Be7 25. g4 Rg8 26. Kh2 c5 27. dxc5 Qxc5 28.
Qxc5 Bxc5 29. Nf6+ Kg7 30. Nxg8 Kxg8 31. Kg3 Rb4 32. Rac1 Be3 33. Rc8+ Kg7 34.
f5 Nxe5 35. fxe6 Bf4+ 36. Kh4 fxe6 37. Rc7+ Kg6 0-1

[Event "AUTO-OPEN-4598"]
[Site "http://www.queenalice.com/game.php?id=1866684"]
[Date "2025.12.7"]
[Round "2"]
[White "Nolimet"]
[Black "WoodpusherKid"]
[Result "0-1"]
[WhiteElo "1988"]
[BlackElo "2658"]

1. e4 e5 2. Nc3 Nf6 3. f4 d5 4. fxe5 Nxe4 5. Qf3 Nc6 6. Bb5 Nxc3 7. dxc3 Qh4+ 8.
g3 Qg4 9. Be3 Be7 10. O-O-O O-O 11. Be2 Qa4 12. Kb1 Nxe5 13. Qf4 Qxf4 14. Bxf4
Ng4 15. Bxg4 Bxg4 16. Re1 Rfe8 17. h3 Bd6 18. Rxe8+ Rxe8 19. a3 Re1+ 20. Ka2
Bxf4 21. gxf4 Bf3 22. Nxf3 Rxh1 23. Nd4 Rxh3 24. Nb5 Rh2 25. Kb3 Rf2 26. Nxc7
Rxf4 27. Nxd5 Rf2 28. Ne7+ Kf8 29. Nc8 a6 30. Nd6 h5 31. Nxb7 h4 32. Nc5 h3 33.
Nd3 Rf3 0-1

[Event "AUTO-OPEN-4598"]
[Site "http://www.queenalice.com/game.php?id=1866685"]
[Date "2025.12.7"]
[Round "2"]
[White "WoodpusherKid"]
[Black "Nolimet"]
[Result "1-0"]
[WhiteElo "2657"]
[BlackElo "1990"]

1. g3 f5 2. d4 Nf6 3. Nf3 e6 4. Bg2 d5 5. O-O Be7 6. Bf4 O-O 7. c4 c6 8. Qc2 Ne4
9. Nc3 Nd7 10. a4 a5 11. b3 Qe8 12. Rad1 Rf6 13. Bc7 Rh6 14. Ne5 Nxe5 15. Bxe5
Qh5 16. h3 Nxc3 17. Qxc3 Bb4 18. Qf3 Qxf3 19. exf3 g5 20. f4 gxf4 21. Bxf4 Rg6
22. h4 Bd7 23. Bf3 Rg7 24. c5 Ra6 25. Kg2 b5 26. Be5 Rf7 27. Rd3 bxa4 28. bxa4
Ra7 29. Bh5 Rf8 30. g4 Rc8 31. gxf5 1-0